书目信息 |
| 题名: |
机器人引论
|
|
| 作者: | 谢广明 , 李宗刚 , 夏庆锋 编著 | |
| 分册: | ||
| 出版信息: | 北京 北京大学出版社 2017.11 |
|
| 页数: | 319页 | |
| 开本: | 23cm | |
| 丛书名: | ||
| 单 册: | ||
| 中图分类: | TP24 | |
| 科图分类: | ||
| 主题词: | 机器人技术--ji qi ren ji shu--高等学校--教材 | |
| 电子资源: | ||
| ISBN: | 978-7-301-27910-6 | |
| 000 | 01052nam0 2200301 450 | |
| 001 | CAL 012017180182 | |
| 005 | 20171220084030.8 | |
| 010 | @a978-7-301-27910-6@b@dCNY49.00 | |
| 099 | @aCAL 012017180182 | |
| 100 | @a20170304d2017 em y0chiy50 ea | |
| 101 | 0 | @achi |
| 102 | @aCN@b110000 | |
| 105 | @aa a 000yy | |
| 106 | @ar | |
| 200 | 1 | @a机器人引论@Aji qi ren yin lun@e魅力无穷的机器人世界@d= Robot introduction@eendless charm of the robot world@f谢广明, 李宗刚, 夏庆锋编著@g@zeng |
| 210 | @a北京@c北京大学出版社@d2017.11 | |
| 215 | @a319页@c图@d23cm | |
| 320 | @a有书目 (第313-319页) | |
| 510 | 1 | @aRobot introduction@eendless charm of the robot world@zeng |
| 517 | 1 | @a魅力无穷的机器人世界@Amei li wu qiong de ji qi ren shi jie |
| 606 | 0 | @a机器人技术@Aji qi ren ji shu@x高等学校@j教材 |
| 690 | @aTP24@v5 | |
| 701 | 0 | @a谢广明@Axie guang ming@4编著 |
| 701 | 0 | @a李宗刚@Ali zong gang@4编著 |
| 701 | 0 | @a夏庆锋@Axia qing feng@4编著 |
| 801 | 0 | @aCN@b人天书店@c20171220@g |
| 905 | @aBZT@dTP24@e3 | |
| 906 | @dCNY49.00@n3@r1 | |
| 机器人引论:魅力无穷的机器人世界= Robot introduction:endless charm of the robot world/谢广明, 李宗刚, 夏庆锋编著.-北京:北京大学出版社,2017.11 |
| 319页:图;23cm |
| ISBN 978-7-301-27910-6:CNY49.00 |
| ● |
| 相关链接 |
|
|
|
正题名:机器人引论
索取号:TP24/3
 
预约/预借
| 序号 | 登录号 | 条形码 | 馆藏地/架位号 | 状态 | 备注 |
| 1 | 853247 | 2000853247 | 第二书库/ [索取号:TP24/3] | 在馆 | |
| 2 | 853248 | 2000853248 | 第二书库/ [索取号:TP24/3] | 在馆 | |
| 3 | 853249 | 2000853249 | 第二书库/ [索取号:TP24/3] | 在馆 |